Գևորգ Գյոդակյանի տպագիր աշխատությունների մատենագիտությունը = (Record no. 123770)
[ view plain ]
| 000 -LEADER | |
|---|---|
| fixed length control field | 01251nam a2200241 u 4500 |
| 003 - CONTROL NUMBER IDENTIFIER | |
| control field | AM-YeHGA |
| 005 - DATE AND TIME OF LATEST TRANSACTION | |
| control field | 20250618072055.0 |
| 008 - FIXED-LENGTH DATA ELEMENTS--GENERAL INFORMATION | |
| fixed length control field | 040430s2004 ai r 000 0 arm d |
| 040 ## - CATALOGING SOURCE | |
| Original cataloging agency | AM-YeHGA |
| 041 0# - LANGUAGE CODE | |
| Language code of text/sound track or separate title | arm |
| 090 ## - LOCALLY ASSIGNED LC-TYPE CALL NUMBER (OCLC); LOCAL CALL NUMBER (RLIN) | |
| -- | 125125 |
| 245 00 - TITLE STATEMENT | |
| Title | Գևորգ Գյոդակյանի տպագիր աշխատությունների մատենագիտությունը = |
| Remainder of title | Библиография печатных работ Георгия Геодакяна / |
| Statement of responsibility, etc. | Կազմ.՝ Ա. Ասատրյան; Ներած. և խմբ.՝ Մ. Նավոյան; ՀՀ ԳԱԱ Արվեստի ին-տ. |
| 246 31 - VARYING FORM OF TITLE | |
| Title proper/short title | Библиография печатных работ Георгия Геодакяна |
| 260 ## - PUBLICATION, DISTRIBUTION, ETC. | |
| Place of publication, distribution, etc. | Երևան : |
| Name of publisher, distributor, etc. | Գիտություն, |
| Date of publication, distribution, etc. | 2004. |
| 300 ## - PHYSICAL DESCRIPTION | |
| Extent | 62 էջ : |
| Other physical details | 1 թ. դիմանկ. ; |
| Dimensions | 20 սմ. |
| 546 ## - LANGUAGE NOTE | |
| Language note | Տեքստը նաև՝ ռուս. |
| 600 14 - SUBJECT ADDED ENTRY--PERSONAL NAME | |
| Personal name | Գյոդակյան, Գևորգ Շմավոնի, |
| Dates associated with a name | 1928-2015 |
| 9 (RLIN) | 1502 |
| 650 14 - SUBJECT ADDED ENTRY--TOPICAL TERM | |
| Topical term or geographic name entry element | Երաժշտագիտություն |
| General subdivision | մատենագիտություն |
| 700 1# - ADDED ENTRY--PERSONAL NAME | |
| Personal name | Ասատրյան, Ա. |
| Relator term | Կազմ. |
| Relationship | com |
| 710 2# - ADDED ENTRY--CORPORATE NAME | |
| Corporate name or jurisdiction name as entry element | ՀՀ ԳԱԱ Արվեստի ինստիտուտ |
| 856 4# - ELECTRONIC LOCATION AND ACCESS | |
| Uniform Resource Identifier | <a href="https://arar.sci.am/dlibra/publication/330351/edition/302079/content">https://arar.sci.am/dlibra/publication/330351/edition/302079/content</a> |
| Link text | Կարդալ առցանց |
| 942 ## - ADDED ENTRY ELEMENTS (KOHA) | |
| Source of classification or shelving scheme | Universal Decimal Classification |
| Koha item type | Գրքեր / Books |
| Withdrawn status | Lost status | Damaged status | Not for loan | Collection | Home library | Current library | Date acquired | Total checkouts | Full call number | Barcode | Date last seen | Price effective from | Koha item type | Public note |
|---|---|---|---|---|---|---|---|---|---|---|---|---|---|---|
| General | Fundamental Scientific Library | Fundamental Scientific Library | 22/12/2016 | AII/89647 | 220089647 | 22/12/2016 | 22/12/2016 | Գրքեր / Books | 30 Days Loan |
ՀՀ Գիտությունների ազգային ակադեմիայի հիմնարար գիտական գրադարան = Fundamental Scientific Library of NAS RA
All site content, except where otherwise noted, is licensed under a